000 00757nam a22002177a 4500
003 UA-OsUOA
001 59165
007 ta
008 20090312b un ||||| |||| 00| 0 ukr d
100 _aГрянка Г.В.
090 _a34
_bГ92
942 _cSA
040 _aUA-OsUOA
_bukr
_cUA-OsUOA
_dUA-OsUOA
245 _aПраво на оскарження, як засіб забезпечення законності при застосувані заходів адміністративно-процесуального примусу
300 _aС.31-35
955 _a0
041 _aukr
080 _a34
773 0 _w59159
_tЕкономіка. Фінанси. Право.
_dК.
_d2009
_g1
650 7 _a34 Право. Юриспруденція
_2UDC
999 _c345253
_d345253